[Event "Moscow Aeroflot op-A 15th"]
[Site "Moscow"]
[Date "2016.03.06"]
[Round "6"]
[White "Kunin, Vitaly L"]
[Black "Moiseenko, Alexander"]
[Result "0-1"]
[WhiteElo "2584"]
[BlackElo "2668"]
[Annotator "Meulders,R"]
[PlyCount "82"]
[EventDate "2016.03.01"]
[EventType "swiss"]
[EventRounds "9"]
[EventCountry "RUS"]
[SourceTitle "CBM 172"]
[Source "ChessBase"]
[SourceDate "2016.05.12"]
[SourceVersion "1"]
[SourceVersionDate "2016.05.12"]
[SourceQuality "1"]

1. d4 f5 2. g3 Nf6 3. Bg2 e6 4. c4 c6 5. Nf3 d5 6. O-O Bd6 7. b3 Qe7 8. Bb2 (8.
a4 O-O 9. Ba3 Bxa3 10. Nxa3 b6 11. Qc1 Bb7 12. Nc2 a5 13. Qa3 Qxa3 14. Rxa3 Na6
15. Ne5 Rfc8 16. Rd1 Kf8 17. Raa1 Ke7 18. Rac1 Nd7 19. Nxd7 Kxd7 20. Ne1 Ke7
21. Nd3 $14 {1/2-1/2 (43) Vachier Lagrave,M (2745)-Radjabov,T (2713) Beijing
2013}) (8. Ne1 b6 9. Nd3 Bb7 10. Bf4 Bxf4 11. Nxf4 O-O 12. Nd2 Nbd7 13. e3 a5
14. Qc2 Rfc8 15. Rfc1 Ba6 16. Qb2 g5 17. Nd3 b5 18. a3 bxc4 19. bxc4 Ne4 20.
Nxe4 fxe4 21. Ne5 Nxe5 22. dxe5 Bxc4 23. Bxe4 Ba6 24. Bf3 a4 25. e4 Rab8 26.
Qd2 Bc4 27. Bg4 Rf8 28. Rc2 Rb3 29. Qc1 {1-0 (52) Kamsky,G (2721)-Radjabov,T 
(2713) Beijing 2013. I only see an equal position here, but ultimately White
prevailed.}) 8... b6 9. Ne5 Bb7 10. Nd2 O-O 11. Rc1 a5 12. e3 Na6 13. Nb1 $2 {
I don't understand why this active knight retreats to its original position.
There would be some sense in this move if there were a black knight on e4
which could be chased away by f3, but here the idea behind the knight
withdrawal escapes me.} (13. Qe2 Bxe5 14. dxe5 Ne4 15. Rfd1 a4 16. Nb1 Nb4 17.
Ba3 axb3 18. axb3 c5 19. f3 Ng5 20. h4 Nf7 21. Bxb4 cxb4 22. f4 dxc4 23. Bxb7
Qxb7 24. Rxc4 Rfd8 25. Rxd8+ Nxd8 26. Nd2 Nc6 27. Qg2 Rc8 28. Rd4 (28. Rxb4 b5
29. Rd4 Qa7 30. Rd3 Nb4 31. Rd6 Qxe3+ 32. Qf2 Rc1+ 33. Kg2 Qxf2+ 34. Kxf2 Rc2
35. Ke2 Kf7 $11) 28... Qe7 29. Rd6 $14 {1/2-1/2 (60) Alekseev,E (2640)
-Moiseenko,A (2662) Sochi 2006}) 13... c5 14. cxd5 exd5 15. Nc3 Rad8 16. Nb5
Bb8 {Of course Black hangs on to the bishop pair.} 17. Nd3 Ne4 18. Qe2 Nb4 19.
a3 Nxd3 20. Qxd3 h5 $5 {White is a little behind in development so Black
becomes active first.} 21. dxc5 (21. f3 Nd6 22. dxc5 bxc5 23. a4 c4 24. Qc3 $11
) 21... bxc5 $5 {This implies a pawn sacrifice since a5 cannot be defended.} (
21... Nxc5 22. Qc2 h4 23. Nd4 Ne4 24. Nc6 Bxc6 25. Qxc6 hxg3 26. fxg3 Nxg3 27.
Bxd5+ Kh7 (27... Kh8 $4 28. Qh6#) 28. Rf3 Rd6 $11) 22. Bc3 a4 $5 {It's better
to ruin White's pawn structure than to let the pawn simply be taken.} 23. bxa4
h4 24. Ba5 Rd7 25. Be1 {Again a retreat I don't understand. Especially with a
rook still on f1, why resort to such a passive position for the bishop? I
suppose White wanted to build up a solid defence but his passivity only makes
matters worse.} ({After} 25. Rfd1 hxg3 26. hxg3 {it doesn't look as if White
has to be afraid of a sacrifice on g3:} Nxg3 $6 (26... Rf6 {maintains the
pressure without giving up material} 27. Be1 Rh6 28. Rb1 Ba6 29. Qb3 Qf7 30. a5
Kh7 31. a4 Qh5 32. Qc2 {Chances look equal but the position doesn't look very
pleasant to play for White since he can't become active and has to sit and
wait.}) 27. fxg3 Bxg3 28. Be1 Be5 29. Rc2 f4 30. exf4 Bxf4 31. Re2 Qg5 32. Bd2
$16) 25... hxg3 26. fxg3 g6 27. Nc3 $2 {Yet another retreat, which makes
White's position precarious since the knight was about the best positioned
white piece.} (27. Bxe4 dxe4 (27... fxe4 28. Rxf8+ Qxf8 29. Qe2 Rf7 30. Ba5 $11
) 28. Qc4+ $14 Rf7 29. Qxc5 Qd8 30. Rb1 Rd5 31. Qc4 Qb6 32. Bf2 {and White
stands firm.}) 27... Nf6 $15 28. Rb1 Qe6 29. Rf2 Ba6 30. Qd1 Ba7 {This is not
looking good for White. If only the knight had still been on b5. White tries
to remedy his mistake but it's too late.} 31. Nb5 Bxb5 $1 {Of course. It's the
a7-g1 diagonal that counts.} 32. axb5 c4 33. Re2 (33. Bd2 d4 $19) 33... Bxe3+
34. Rxe3 {Of course this is sheer despair. The rest is mopping up, so White
might have well have resigned here. The text doesn't require a question mark,
since the alternative is equally hopeless.} (34. Kh1 d4 35. Bf2 Ne4 36. Bxe4
Qxe4+ 37. Kg1 f4 38. Qc1 d3 39. Rxe3 fxe3 40. Qxe3 Qxe3 41. Bxe3 c3 $19) 34...
Qxe3+ 35. Bf2 Qxa3 36. b6 Qd3 $6 (36... Ne4 37. b7 Nxf2 38. Kxf2 Qc5+ 39. Kf1
c3 $1 40. b8=Q c2 41. Qxf8+ Kxf8 42. Rb8+ Kf7 43. Qc1 Qc4+ 44. Kf2 Qd4+ 45. Kf3
Qd1+ $19) 37. Qc1 Ne4 38. Bxe4 dxe4 39. Ra1 (39. b7 Rb8 $19) 39... f4 40. gxf4
c3 41. f5 c2 (41... c2 42. b7 Qd1+ 43. Be1 Qg4+ 44. Kh1 Qf3+ 45. Kg1 Qxf5 {
with an almost obscene winning position.}) 0-1

[Event "Olympiad-42"]
[Site "Baku"]
[Date "2016.09.11"]
[Round "9.2"]
[White "Laznicka, Viktor"]
[Black "L'Ami, Erwin"]
[Result "1-0"]
[WhiteElo "2651"]
[BlackElo "2611"]
[Annotator "Meulders,R"]
[PlyCount "71"]
[EventDate "2016.09.02"]
[EventType "team-swiss"]
[EventRounds "11"]
[EventCountry "AZE"]
[SourceTitle "CBM 175"]
[Source "ChessBase"]
[SourceDate "2016.11.10"]
[SourceVersion "1"]
[SourceVersionDate "2016.11.10"]
[SourceQuality "1"]
[WhiteTeam "Czech Republic"]
[BlackTeam "Netherlands"]
[WhiteTeamCountry "CZE"]
[BlackTeamCountry "NED"]

1. d4 f5 2. Nf3 Nf6 3. g3 e6 4. Bg2 d5 5. c4 Bd6 {In the past the Swede
Karlsson (not the same as Carlsen, but quite a good player in several open
tournaments) was quite successful with this move. Of course Black can still
play ...c6 later on, but another option is ...b6. This not only stops the
white advance c5, but in some lines Black now plays ...c5, which is of course
more active than ...c6. With the bishop on d6 instead of e7, Black also has a
little more space (e.g. e7 is now available to the queen).} (5... c6 {is by
far the most popular choice, whereas the text is seldom played, certainly at a
higher level.}) 6. O-O (6. c5 $5 {sidesteps a lot of lines, since now the
bishop has to be moved at once.} Be7 7. b4 O-O (7... b6 8. Bb2 O-O 9. O-O a5
10. a3 axb4 11. axb4 Rxa1 12. Bxa1 bxc5 13. bxc5 Nc6 $11) 8. O-O Ne4 9. Ne5 Nd7
(9... Bf6 10. f3 Nd6 $1 11. e4 dxe4 12. cxd6 cxd6 13. Nc4 Nc6 14. Be3 d5 15. b5
Nxd4 16. Bxd4 dxc4 17. Bxf6 Qxf6 18. Na3 Qe7 19. Nc2 Rd8 20. Qe2 $14) 10. Nd3
Bf6 11. Bb2 c6 12. f3 Ng5 13. Nd2 a5 14. bxa5 Qxa5 15. a4 b6 16. Nb3 Qa6 17. e3
Re8 18. Rf2 Rb8 $6 (18... Qb7 $1) 19. Bf1 (19. a5 bxc5 20. Nbxc5 Nxc5 21. Nxc5
$14) 19... Qa8 (19... Qa7) 20. a5 $14 bxc5 21. Ndxc5 Nxc5 22. Nxc5 Nf7 23. a6
$16 {1-0 (38) Van der Stricht,G (2390)-Draftian,A (2333) Namur 2009}) 6... O-O
7. b3 {It's a standard idea to exchange the dark-squared bishops with Ba3,
leaving Black with the bad light-squared bishop.} b6 (7... c6 {leads to
well-trodden paths.}) 8. cxd5 (8. Qc2 Qe7 9. Ne5 Bb7 10. Bf4 Nh5 11. Bd2 Nd7
12. Nxd7 Qxd7 13. Nc3 c6 14. Na4 Be7 15. Rad1 Rac8 16. Nb2 Rfd8 17. Nd3 Qe8 18.
a4 Nf6 19. Bf4 c5 20. dxc5 bxc5 21. Be5 Ne4 22. f3 Nf6 23. Nf4 Qf7 24. e3 Nd7
25. Nd3 dxc4 26. bxc4 (26. Qxc4 Nb6 $1 27. Qc2 Nd5 28. Rfe1 $10) 26... Nxe5 27.
Nxe5 Qe8 28. Rb1 Ba8 29. Rfd1 Bf6 30. Rxd8 Rxd8 31. Nd3 Bg5 32. Kf2 Qe7 33. f4
Bxg2 34. Kxg2 Qd6 $1 35. Ne5 Bf6 36. Nf3 h6 37. h4 Qc6 38. Kf2 Qe4 39. Qxe4
fxe4 40. Ng1 Rd2+ 41. Ne2 Rc2 {½-½ (74) Karpov,A (2730)-Karlsson,L (2520)
Haninge 1990 CBM 018 [Schussler]; and in what followed Karlsson managed to
wrest a draw from the great Karpov himself.}) (8. Ba3 {transposes.}) 8... exd5
9. Ba3 Ne4 (9... Bb7 10. Qc2 Ne4 11. Rc1 c5 12. Nc3 Nd7 13. dxc5 bxc5 14. Rd1
Ndf6 15. Nd2 Nxc3 16. Qxc3 Qe7 $2 (16... Rc8 17. Qd3 (17. Nc4 Be7 $11) 17...
Rf7 $11 18. Qxf5 Qe7 19. Qh3 Rcf8 20. Re1 Ne4 21. Nxe4 dxe4 22. Rf1 Rxf2 $1 23.
Rxf2 Rxf2 24. Kxf2 Qf6+ 25. Bf3 exf3 26. Bb2 Be5 27. Bxe5 Qxe5 28. Re1 Qd4+ $11
) 17. Nc4 $1 $16 d4 18. Qc2 $6 (18. Qc1 $1 Bxg2 19. Nxd6 Bd5 20. Bxc5 $16)
18... Bxg2 19. Kxg2 Nd7 20. Rxd4 $16 cxd4 21. Bxd6 Qf6 22. Bxf8 Rxf8 23. Rf1
Qc6+ 24. Kg1 Ne5 25. Rc1 Ng4 26. Qd2 Qf6 27. Qf4 g5 28. Qd6 Qxd6 29. Nxd6 {
1-0 (29) Komarov,D (2525)-Bonatti,W (2255) Massy 1993}) 10. Bxd6 cxd6 $6 {
Quite a commitment at an early stage of the game. Of course Black now firmly
controls the e5-square, but in the what follows the necessity to defend the
weak d5-pawn will be a pebble in his shoe. At first this is not so noticeable
but as the game progresses, the pebble may become more troublesome.} (10...
Qxd6 11. Qc2 Nd7 12. Nc3 c5 13. Rac1 Ba6 14. Rfe1 Rac8 15. Qb2 Rce8 {and Black
is OK.}) 11. Qc1 Bb7 12. Nc3 (12. e3 g5 13. Nc3 Nd7 14. Qb2 f4 15. exf4 gxf4
16. Ne2 Ba6 17. Nxf4 Rxf4 18. gxf4 Bxf1 19. Rxf1 Qf6 20. Qc1 Kh8 21. Kh1 Rg8
22. Bh3 Nf8 23. f5 Qf7 $2 (23... Ne6 $1 $11 24. Qe3 Ng7 25. Qf4 Ne6 26. Qe3 Ng7
$11) 24. Qh6 $16 Qe8 25. Qh4 (25. Nh4 $16) 25... Qb5 26. Rg1 Qe2 $11 27. Rxg8+
Kxg8 28. Kg2 Qxa2 (28... Nd7 29. f6 Ndxf6 30. Ng5 h6 31. Nxe4 Qxe4+ 32. Qxe4
dxe4 $11) 29. Ng5 Qe2 30. Ne6 h5 31. Nf4 Qd2 $11 {1/2-1/2 (70) Kamsky,G (2741)
-Lou,Y (2484) Tromsoe 2013}) 12... Nd7 $11 13. Qb2 Qe7 14. e3 Ndf6 15. Rfc1
Rac8 16. Nd1 (16. Ne2 $4 Nxf2 $19) 16... Ba6 (16... Bc6 17. Rc2 Rc7 18. Rac1
Rfc8 19. Bf1 Be8 20. Ne1 $14) 17. Ne1 Qd7 18. a4 $6 (18. f3 Ng5 19. Rxc8 Rxc8
20. Rc1 Re8 21. Qd2 $14) 18... h5 $6 {It's difficult to sit still and do
nothing when playing the Dutch. But as Black has no prospect of a kingside
attack, it was wiser not to advance the pawn to h5. An obvious drawback of ...
h5, is that the g6-square is weakened.} (18... g6 $14) 19. Rxc8 $1 (19. a5 $2 {
looks consistent, since White has advanced the a-pawn, but it leads to no
advantage.} Rxc1 20. Qxc1 Rc8 21. Qb2 Qb5 22. axb6 Qb4 23. Nf3 Qxb6 $11) 19...
Rxc8 20. Rc1 Rc7 21. f3 Ng5 22. Rxc7 Qxc7 23. h4 Ne6 24. Bh3 g6 25. Nc3 {
After some forced moves and exchanges White has reached a small advantage
since his pawn structure is better than Black's.} Qe7 {Since e4 was threatened,
Black protects the undefended knight on e6.} 26. Qd2 Nd8 27. Ne2 {Because of
the weaknesses on d5 and g6, Black doesn't want to allow a knight on f4. Of
course White still has two knights...} Bxe2 (27... Ne6 28. Bf1 Kg7 29. Nc3 Bxf1
30. Kxf1 Qb7 31. Kf2 $16) 28. Qxe2 Nc6 (28... Qc7 29. Qd2 Kg7 30. Bf1 Ne6 31.
Kf2 Ng8 32. Qc2 Qxc2+ 33. Nxc2 a5 34. Bb5 Kf6 35. Ne1 Nf8 36. Nd3 Ne7 37. Be8
$16 {White has a clear endgame advantage: a good bishop and the better pawn
structure.}) 29. Kf2 a5 30. Nd3 Kf7 31. Qc2 Qb7 32. Bf1 {White takes his time.
Of course the immediate Nf4 is possible, but White directs his pieces to their
optimal positions first, also waiting for Black to go wrong somewhere.} Kg7 {.}
33. Qc3 {Normal and simple but in retrospect also a very clever move.
Otherwise Black would have played the obvious ...Nb4 somewhere, attacking the
queen.} Kf7 34. Be2 Kg7 35. Nf4 Kf7 $4 {Probably Black was lulled to sleep by
White's slow build-up, so he 'just' repeats moves. But this terrible blunder
loses at once because either the knight on c6 gets pinned or the white queen
enters the game decisively. Now that the white knight no longer controls the
b4 square, Black should have played his knight there at once.} (35... Nb4 $1
36. Bb5 Kf7 $16 37. Nd3 Nxd3+ 38. Bxd3 Ng8 $1 39. Bb5 Ne7 {and White has a
laborious task ahead to try and make something of his advantage.}) 36. Ba6 $1 {
Illustrating the truth of the saying that a positional advantage is often
turned into a big plus by a tactical coup. After the next move, Black resigned
at once.} (36. Ba6 Qa8 (36... Qxa6 37. Qxc6 Qa7 {The queen is completely out
of the game.} 38. Qxd6 Kg7 39. Ne6+ $1 {Going into a queen ending with two
pawns up is also winning, but keeping the knights on is even stronger.} (39.
Nxd5 Nxd5 40. Qxd5) 39... Kf7 40. Kg2 Qd7 41. Ng5+ Kg7 42. Qxb6 $18) 37. Bb5
Ne7 38. Qc7 Qc8 39. Qxb6 $18) 1-0

[Event "POL-ch"]
[Site "Warsaw"]
[Date "2018.05.20"]
[Round "9"]
[White "Wojtaszek, Radoslaw"]
[Black "Sadzikowski, Daniel"]
[Result "1/2-1/2"]
[WhiteElo "2750"]
[BlackElo "2588"]
[Annotator "Meulders,R"]
[PlyCount "95"]
[EventDate "2018.05.12"]
[EventType "tourn"]
[EventRounds "9"]
[EventCountry "POL"]
[EventCategory "16"]
[SourceTitle "CBM 185"]
[Source "ChessBase"]
[SourceDate "2018.07.13"]
[SourceVersion "1"]
[SourceVersionDate "2018.07.13"]
[SourceQuality "1"]

1. d4 e6 2. c4 f5 3. g3 Nf6 4. Bg2 d5 5. Nf3 Bd6 6. O-O (6. c5 {to 'punish'
Black for the provocatively early ...Bd6 before ...c6, is a very rare move at
a higher level. Here is an exception:} Be7 7. b4 O-O 8. Bf4 Bd7 9. Nbd2 Be8 10.
Ne5 Nc6 11. Nxc6 Bxc6 12. a4 Ne4 13. Nf3 (13. f3 Nxd2 14. Qxd2 a6 15. Be5 Qd7
16. Qc2 b6 17. O-O bxc5 18. dxc5 Rab8 19. Rfb1 $11) 13... Be8 14. h4 a6 15. Ne5
Bh5 16. f3 Nf6 17. b5 $6 Nd7 18. O-O Nxe5 19. Bxe5 Bf6 20. Qd2 $2 (20. Bxf6
Qxf6 21. e3 $11) 20... Bxe5 21. dxe5 f4 $15 {0-1 (35) Navara,D (2730)
-Riazantsev,A (2646) Minsk 2015}) 6... O-O 7. Nc3 c6 8. Qc2 Qe7 (8... Ne4 9.
Bf4 (9. Rb1 Qe7 (9... a5 10. a3 Qe7 11. c5 Bc7 12. Bf4 Bxf4 13. gxf4 Bd7 14. b4
Be8 15. Ne5 Nd7 16. Nd3 Ndf6 17. f3 Nxc3 18. Qxc3 a4 19. Qd2 Kh8 20. Kh1 Nh5
21. Rg1 $14 {0-1 (44) Jakovenko,D (2704)-Vallejo Pons,F (2711) Doha 2016}) 10.
b4 b5 11. cxb5 Nxc3 12. Qxc3 cxb5 13. Bf4 Bxf4 14. gxf4 Bd7 15. Qc5 Qxc5 16.
bxc5 a5 (16... a6 $14) 17. a3 $16 {½-½ (58) Edouard,R (2647)-Fressinet,L 
(2677) Agen 2016}) 9... Bxf4 10. gxf4 Nd7 11. e3 Ndf6 12. Ne5 Bd7 $6 13. Kh1 (
13. Nxe4 fxe4 14. f3 $36) 13... Be8 14. Bf3 (14. Nxe4 fxe4 15. f3 $14) 14...
Nd7 15. Rg1 $5 Nxe5 16. fxe5 Qh4 $132 17. Rg2 Bh5 $1 $11 18. Bxh5 {½-½ (45)
Budo,A-Selezniev,A Moscow (Russia) 1931; is from a very old game, illsutrating
how long this variation has been around.}) ({Apparently} 8... dxc4 {is never
played here, though it's not that clear to me how White will get an advantage.}
9. e4 Bc7 10. Rd1 Qe7 11. Nd2 b5 12. a4 b4 13. Ne2 b3 14. Qc3 Ba6 15. Nxc4 (15.
exf5 $2 Nd5 $17) 15... Nxe4 16. Qxb3 Nd7 17. Bf4 Rab8 18. Qa2 Nb6 {with equal
chances.}) 9. Rb1 Bd7 {The light-squared bishop is Black's eternal son of
sorrows in the Stonewall. A very common route is to go Bc8-d7-e8-h5 and
exchange it, because often it's just in the way on other squares.} ({Again} 
9... dxc4 {is certainly worth trying.}) 10. c5 {Now that White is almost fully
developed, this makes far more sense than at move six.} Bc7 11. b4 Ne4 {
There is hardly a Dutch Stonewall without this move. The knight cannot be
tolerated there for long (retreating Nf3 and chasing the black outpost with f3
is time-consuming) so White often exchanges it, opening the f-file for Black.
Ideally - if Black can push the e-pawn to e5 - he has an excellent position.} (
11... a6 12. a4 Be8 13. b5 cxb5 14. axb5 Ne4 15. b6 Bd8 16. Bf4 (16. Ne5 Nc6)
16... Nc6 17. e3 a5 18. Rfc1 h6 19. Ne1 g5 20. Nxe4 gxf4 21. Nd6 fxe3 22. fxe3
Nb4 23. Qe2 Kh7 24. Ra1 Bc6 25. Nf3 Rg8 26. Ne5 Qg7 27. Ra3 Bf6 28. Nxc6 Nxc6
29. Nb5 Bd8 30. Rca1 Kh8 31. Na7 Rxa7 32. bxa7 Nxa7 33. Rb1 $16) 12. Nxe4 {
This gets rid of an annoying customer and gives White a target: the pawn that
will appear on e4 will be attacked, opening up the f-file for White as well.} (
12. b5 Nxc3 13. bxc6 Bxc6 $6 (13... Nxe2+ 14. Qxe2 Bxc6 $11) 14. Qxc3 Nd7 15.
Bf4 (15. Bg5 $5) 15... Bxf4 16. gxf4 Rfc8 17. Ne5 Nxe5 18. fxe5 Be8 19. Qb4 Rc7
20. f4 Bh5 $11 {½-½ (33) Smirnov,P (2610)-Bareev,E (2663) Novosibirsk 2012})
12... fxe4 13. Bg5 Qf7 14. Ne5 {Retreating is far too passive.} (14. Ne1 $2 h6
15. Be3 e5 $11) 14... Bxe5 15. dxe5 Be8 16. f3 Nd7 $6 (16... exf3 17. Rxf3 Qh5
18. Rxf8+ Kxf8 19. Qd2 $14 h6 20. Bf4 Kg8 21. e4 Nd7 22. exd5 cxd5 23. Rf1 $14
{There are no immediate threats, but Black's minor pieces occupy awkward
positions. The only active option is ...a5.}) 17. fxe4 Qh5 18. Rxf8+ Kxf8 19.
Rf1+ $2 {Apparently even 2700+ players are not immune to the well-known
mistake of 'Patzer sieht Schach, gibt Schach'. There was no need whatever for
White to drive the king to the safer square at g8.} (19. h4 $5 Nxe5 20. exd5
cxd5 $8 (20... exd5 $4 21. Qf5+ Nf7 22. Be7+ $18) 21. e4 h6 22. Qc3 Nf7 23. Be3
Qg6 24. Bd4 dxe4 25. Re1 Bc6 26. b5 Bd5 27. c6 Kg8 28. cxb7 Bxb7 29. Qc7 Bd5
30. Kh2 $14 {White's active position more than outweighs the minus pawn.}) (19.
Bf4 $1 {by force leads to an advantageous position for White, with a sound
extra pawn.} Nxe5 20. exd5 exd5 21. Bxe5 Qxe5 22. Qxh7 $16 Ke7 23. e4 Bf7 24.
exd5 Bxd5 25. Qh4+ Kf7 26. Rf1+ Kg8 27. Qf4 Qe6 (27... Qxf4 28. Bxd5+ cxd5 29.
Rxf4 $18) 28. a3 $16) 19... Kg8 20. Qd2 (20. Bf4 Nxe5 21. Qc3 Nd7 22. exd5 exd5
23. e4 dxe4 24. Bxe4 Bf7 25. Bf3 Qf5 26. Be3 $14) 20... Nxe5 21. exd5 (21. Be7
Nf7 22. Qb2 Bd7 23. Bd6 b5 (23... Nxd6 24. cxd6 Rf8 25. Rxf8+ Kxf8 26. e5 Qg5
27. Qd4 b6 28. Kf2 c5 29. bxc5 bxc5 30. Qb2 a6 31. Bf3 $16) 24. a3 a5 25. exd5
exd5 26. e4 axb4 27. axb4 Nxd6 28. cxd6 Qh6 29. exd5 Qxd6 30. Qf2 cxd5 31. Qf7+
Kh8 32. Qxd5 Qxd5 33. Bxd5 Rd8 34. Kf2 {and White is microscopically better.})
21... exd5 22. Qe3 Nf7 23. Bf4 Qg4 24. Bf3 $2 ({This weakens the h3-square.
It's better to 'keep the position together' by} 24. h3 $1 Qd7 25. Kh2 Qd8 26.
Qd3 Bd7 27. Bd2 $16 {I like the pair of bishops. White has a small but
comfortable advantage.}) 24... Qd7 25. Qd4 Qe6 26. Bc1 $2 {With Black unable
to lend extra support to the d5-pawn with his own bishop, e4! is the move to
extend the scope of the white bishop pair.} (26. e4 $1 dxe4 27. Re1 Qxa2 28.
Rxe4 h6 (28... Rd8 29. Qxd8 Nxd8 30. Rxe8+ Kf7 31. Rxd8 Qb3 32. Kf2 Qxb4 33.
Be3 $16) 29. Re7 b5 30. Qc3 Qc4 31. Bd2 Kf8 32. Qe3 Rd8 33. Re4 Qc2 34. h4 $14
{Despite being a pawn down, White is slightly better because of the greater
activity of his pieces.}) 26... Qe5 27. Qd2 Bd7 28. Bg2 Rd8 29. Bb2 Qg5 30. Rf4
$6 (30. Qd4 $1 {sets up a battery against g7 that guarantees a small advantage:
} Bc8 31. e4 Be6 32. exd5 Bxd5 33. Rf5 $1 Qg6 34. Bxd5 Rxd5 35. Rxd5 cxd5 $14)
30... Bc8 31. Qd4 (31. Qe3 $1 $14 {Intending 32.h4! followed by 33.Qe7.}) 31...
Qg6 $1 32. e4 Ng5 $1 $11 33. Rf1 (33. Qd2 Ne6 34. Rf1 dxe4 35. Qc2 Ng5 36. h4
Nf3+ 37. Bxf3 exf3 38. Qxg6 hxg6 39. Rxf3 $11) (33. exd5 $2 Ne6 $17) 33... Bh3
34. exd5 (34. Bxh3 Nxh3+ 35. Kg2 Ng5 36. exd5 Rxd5 37. Qc4 $8 Qe6 {is even
worse for White.}) 34... Bxg2 35. Kxg2 Rxd5 $15 {For the first time in the
game Black has obtained a small advantage, but White can hold on.} 36. Qe3 Rd3
37. Qe5 h6 $2 (37... Qe4+ $1 38. Qxe4 Nxe4 39. Re1 Rd2+ 40. Kf3 Ng5+ 41. Kg4
Rxb2 42. Kxg5 Rxb4 43. Re7 Rb5 (43... Kf8 44. Rc7 $11) 44. Kf5 b6 45. a4 Rxc5+
46. Ke6 h6 47. Rxa7 Rc2 $15 {and White has some work ahead to get a draw.}) 38.
Rf2 $1 Rd5 (38... Qe4+ 39. Qxe4 Nxe4 40. Re2 $11) 39. Qf4 Kh7 40. h4 Ne6 41.
Qe3 a5 42. a3 h5 43. Rd2 Rxd2+ 44. Qxd2 a4 45. Kf2 Qe4 46. Qd1 Kg6 47. Bc3 (47.
Qxa4 $4 Nxc5 $19) 47... Nc7 48. Qd6+ 1/2-1/2